[Event "NB1 Charousek csoport"]
[Site "Nagykanizsa"]
[Date "2024.12.01"]
[Round "3.6"]
[White "Orso, Miklos"]
[Black "Szabo, Abel"]
[Result "1/2-1/2"]
[WhiteElo "2149"]
[BlackElo "2112"]
[PlyCount "90"]
[GameId "2120456623789217"]
[EventDate "2024.11.03"]
[EventType "team-tourn"]
[EventRounds "11"]
[EventCountry "HUN"]
[Source "chess.hu"]
[WhiteTeam "Tuxera ANSK II."]
[BlackTeam "Esztergomi SC"]
[WhiteTeamCountry "HUN"]
[BlackTeamCountry "HUN"]

1. d4 Nf6 2. c4 e6 3. Nf3 c5 4. d5 b5 5. dxe6 fxe6 6. cxb5 d5 7. Bg5 Be7 8. Nbd2 Nbd7 9. Qc2 O-O 10. e4 Ng4 11. Bxe7 Qxe7 12. Bd3 Nde5 13. Nxe5 Nxe5 14. O-O Qh4 15. Be2 Bb7 16. Qxc5 Rac8 17. Qd4 Qg5 18. Rac1 Rxc1 19. Rxc1 dxe4 20. Qe3 Qg6 21. Qg3 Qh6 22. Rc7 Rf7 23. Qxe5 Qxd2 24. Rxf7 Kxf7 25. Bf1 Bd5 26. Qc7+ Kg6 27. Qxa7 Qxb2 28. a4 Qa1 29. Qc7 Qxa4 30. Qg3+ Kf7 31. h4 Qb4 32. Qf4+ Ke7 33. Qe5 Kf7 34. Qh5+ Kg8 35. Qe8+ Qf8 36. Qxf8+ Kxf8 37. Kh2 Ke7 38. Kg3 e5 39. Kg4 Kf6 40. b6 Bb7 41. Bb5 Bc8+ 42. Kg3 Bb7 43. Ba4 Ke6 44. Kg4 Kf6 45. Kg3 Ke6 1/2-1/2

[Event "NB1 Charousek csoport"]
[Site "Nagykanizsa"]
[Date "2024.12.01"]
[Round "3.7"]
[White "Nemeth, Eugen"]
[Black "Varga, Richard"]
[Result "0-1"]
[WhiteElo "2049"]
[BlackElo "2023"]
[PlyCount "50"]
[GameId "2120456663893169"]
[EventDate "2024.11.03"]
[EventType "team-tourn"]
[EventRounds "11"]
[EventCountry "HUN"]
[Source "chess.hu"]
[WhiteTeam "Esztergomi SC"]
[BlackTeam "Tuxera ANSK II."]
[WhiteTeamCountry "HUN"]
[BlackTeamCountry "HUN"]

1. c4 c5 2. g3 g6 3. Bg2 Bg7 4. Nc3 Nc6 5. Nf3 d6 6. O-O e5 7. d3 Nge7 8. Ne1 Be6 9. Nd5 O-O 10. Nc2 Rb8 11. Rb1 b5 12. Bd2 bxc4 13. dxc4 f5 14. Bg5 h6 15. Bxe7 Nxe7 16. Nxe7+ Qxe7 17. Bd5 Kh7 18. Bxe6 Qxe6 19. Ne3 f4 20. gxf4 Rxf4 21. Qd5 Qh3 22. Qxd6 Rbf8 23. Rbd1 R8f7 24. Qxe5 Rh4 25. Qd6 Rff4 0-1

[Event "NB1 Charousek csoport"]
[Site "Nagykanizsa"]
[Date "2024.12.01"]
[Round "3.8"]
[White "Sipos, Janos"]
[Black "Meszarosova, Eva"]
[Result "1/2-1/2"]
[WhiteElo "2174"]
[BlackElo "1966"]
[PlyCount "109"]
[GameId "2120456698655937"]
[EventDate "2024.11.03"]
[EventType "team-tourn"]
[EventRounds "11"]
[EventCountry "HUN"]
[Source "chess.hu"]
[WhiteTeam "Tuxera ANSK II."]
[BlackTeam "Esztergomi SC"]
[WhiteTeamCountry "HUN"]
[BlackTeamCountry "HUN"]

1. c4 Nf6 2. g3 e6 3. Bg2 d5 4. Nf3 c5 5. O-O Nc6 6. e3 dxc4 7. Na3 Be7 8. Nxc4 O-O 9. b3 Nd5 10. Bb2 b5 11. Nce5 Nxe5 12. Nxe5 Bb7 13. a3 Rc8 14. Rc1 Ba8 15. d4 f6 16. Nf3 c4 17. bxc4 bxc4 18. e4 Nb6 19. Nd2 Qd7 20. Qe2 c3 21. Rxc3 Na4 22. Rxc8 Rxc8 23. Ba1 Bxa3 24. Nc4 Bf8 25. Qa2 Kh8 26. Rb1 Qc6 27. Ne3 Nc3 28. Bxc3 Qxc3 29. Qxa7 e5 30. Rb8 Qc1+ 31. Nf1 Qc6 32. d5 Qe8 33. Rb1 Bc5 34. Qa6 h6 35. Nd2 Rb8 36. Rxb8 Qxb8 37. Bf1 Bb7 38. Qb5 Qa7 39. Qe2 Bc8 40. Nb3 Bb6 41. Nc1 Bd4 42. Qc2 Bd7 43. Nd3 Qa1 44. Qc1 Qa2 45. Qc7 Bg4 46. d6 Qa4 47. h3 Be6 48. Kg2 Ba7 49. Qb7 Qd4 50. g4 Bb6 51. Qc6 Bc4 52. Qc8+ Bg8 53. Qc6 Bc4 54. Qc8+ Bg8 55. Qc6 1/2-1/2

[Event "NB1 Charousek csoport"]
[Site "Nagykanizsa"]
[Date "2024.12.01"]
[Round "3.9"]
[White "Szabo, Lajos"]
[Black "Biskopics, Marton"]
[Result "1-0"]
[WhiteElo "1983"]
[BlackElo "1971"]
[PlyCount "67"]
[GameId "2120456734348497"]
[EventDate "2024.11.03"]
[EventType "team-tourn"]
[EventRounds "11"]
[EventCountry "HUN"]
[Source "chess.hu"]
[WhiteTeam "Esztergomi SC"]
[BlackTeam "Tuxera ANSK II."]
[WhiteTeamCountry "HUN"]
[BlackTeamCountry "HUN"]

1. c4 c5 2. Nc3 Nc6 3. Nf3 g6 4. g3 Bg7 5. Bg2 d6 6. O-O e5 7. d3 Nge7 8. Nd5 O-O 9. a3 h6 10. Rb1 Nxd5 11. cxd5 Ne7 12. e4 f5 13. b4 b6 14. h3 g5 15. exf5 Bxf5 16. g4 Bg6 17. Qb3 Rb8 18. Nd2 Qd7 19. Ne4 b5 20. Nd2 c4 21. dxc4 Bxb1 22. Qxb1 bxc4 23. Nxc4 Rfc8 24. Na5 Qc7 25. Nc6 Nxc6 26. dxc6 Rf8 27. Bd5+ Kh8 28. Qe4 a5 29. Be3 axb4 30. axb4 Bf6 31. Rb1 Bd8 32. Ra1 Rf4 33. Qg6 Rf6 34. Qg8# 1-0

[Event "NB1 Charousek csoport"]
[Site "Nagykanizsa"]
[Date "2024.12.01"]
[Round "3.10"]
[White "Babits, Andras"]
[Black "Kovacs, Geza"]
[Result "1/2-1/2"]
[WhiteElo "2062"]
[BlackElo "1988"]
[PlyCount "89"]
[GameId "2120456775116001"]
[EventDate "2024.11.03"]
[EventType "team-tourn"]
[EventRounds "11"]
[EventCountry "HUN"]
[Source "chess.hu"]
[WhiteTeam "Tuxera ANSK II."]
[BlackTeam "Esztergomi SC"]
[WhiteTeamCountry "HUN"]
[BlackTeamCountry "HUN"]

{[%evp 0,25,12,25,22,25,27,18,14,0,24,15,3,3,54,75,68,52,77,31,18,41,24,31,59,-56,73,94]} 1. e4 e5 2. Nf3 Nf6 3. Nc3 Nc6 4. h3 a6 5. d4 exd4 6. Nxd4 Nxd4 7. Qxd4 d6 8. Be3 Be7 9. Be2 b5 10. O-O O-O 11. Bf3 Nd7 12. Nd5 Ne5 13. Be2 Bb7 14. f4 Nd7 15. c3 Re8 16. Bf3 c6 17. Nxe7+ Qxe7 18. Rad1 d5 19. Bf2 c5 20. Qd2 dxe4 21. Qxd7 exf3 22. Qxe7 Rxe7 23. Bxc5 Re2 24. gxf3 Rxb2 25. Rf2 Rxf2 26. Kxf2 h6 27. Rd7 Bc6 28. Rd6 Rc8 29. Bd4 Kf8 30. Bc5 Ke8 31. Bb4 f6 32. Kg3 Kf7 33. f5 Rc7 34. Rd8 Be8 35. Ra8 Rc6 36. a3 h5 37. f4 Rc4 38. Rxa6 Rc8 39. Ra7+ Kg8 40. Rb7 Bc6 41. Rb6 Kh7 42. Kf2 g6 43. fxg6+ Kxg6 44. Bc5 Kf7 45. Bd4 {...} 1/2-1/2

[Event "NB1 Charousek csoport"]
[Site "Nagykanizsa"]
[Date "2024.12.01"]
[Round "3.11"]
[White "Broderick, Tamas"]
[Black "Miseta, Nora Dr."]
[Result "1-0"]
[WhiteElo "1944"]
[BlackElo "1849"]
[PlyCount "103"]
[GameId "2120456904635648"]
[EventDate "2024.11.03"]
[EventType "team-tourn"]
[EventRounds "11"]
[EventCountry "HUN"]
[Source "chess.hu"]
[WhiteTeam "Esztergomi SC"]
[BlackTeam "Tuxera ANSK II."]
[WhiteTeamCountry "HUN"]
[BlackTeamCountry "HUN"]

1. e4 c6 2. d4 d5 3. e5 e6 4. Nd2 Nd7 5. Bd3 Ne7 6. Ne2 Nf5 7. Bxf5 exf5 8. O-O Be7 9. f4 O-O 10. b3 f6 11. Bb2 fxe5 12. fxe5 Qb6 13. Kh1 c5 14. c3 Qh6 15. Nf3 cxd4 16. cxd4 g5 17. Qd2 f4 18. Nfg1 Qg6 19. Rac1 Nb6 20. a4 Qe4 21. Nc3 Qg6 22. a5 Nd7 23. Nxd5 Bd8 24. b4 h5 25. Qe2 Re8 26. Rc2 Nf8 27. Rfc1 Bf5 28. Rd2 Bg4 29. Qf2 Qf7 30. Nc3 Qb3 31. Nb5 Qxb4 32. Nd6 Re7 33. Bc3 Qa4 34. Ne4 Rf7 35. h3 Be6 36. Nd6 Re7 37. d5 Bc8 38. Ra1 Qd7 39. Qd4 Rh7 40. Nc4 Qg7 41. e6 Qxd4 42. Bxd4 Bxe6 43. dxe6 Nxe6 44. Bf2 a6 45. Nb6 Bxb6 46. Bxb6 g4 47. Re1 Nf8 48. Rd5 Nd7 49. Bd4 Rf8 50. Rf1 Rff7 51. Ne2 Nf8 52. Rg5+ 1-0

[Event "NB1 Charousek csoport"]
[Site "Nagykanizsa"]
[Date "2024.12.01"]
[Round "3.12"]
[White "Beznicza, Mira"]
[Black "Skrlyik, Timea"]
[Result "1-0"]
[WhiteElo "1947"]
[BlackElo "1715"]
[PlyCount "85"]
[GameId "2120457273554189"]
[EventDate "2024.11.03"]
[EventType "team-tourn"]
[EventRounds "11"]
[EventCountry "HUN"]
[Source "chess.hu"]
[WhiteTeam "Tuxera ANSK II."]
[BlackTeam "Esztergomi SC"]
[WhiteTeamCountry "HUN"]
[BlackTeamCountry "HUN"]

1. c4 c5 2. Nc3 Nc6 3. g3 g6 4. Bg2 e6 5. e4 Bg7 6. d3 Nge7 7. Nge2 O-O 8. Be3 d6 9. Qd2 Nd4 10. O-O Rb8 11. Bh6 a6 12. Nxd4 cxd4 13. Ne2 e5 14. Bxg7 Kxg7 15. f4 f5 16. Rac1 fxe4 17. Bxe4 Bh3 18. Rfe1 Qd7 19. c5 d5 20. Bg2 Bxg2 21. Kxg2 Nf5 22. fxe5 Qe7 23. Nf4 Ne3+ 24. Rxe3 dxe3 25. Qxe3 Rbd8 26. e6 Rf5 27. c6 d4 28. Qe4 bxc6 29. Qxc6 Rb5 30. Kg1 g5 31. Nh5+ Kh6 32. Nf6 Rxb2 33. Qf3 Rf8 34. Qh5+ Kg7 35. Qxh7+ Kxf6 36. Rf1+ Kxe6 37. Re1+ Kd5 38. Qxe7 Rff2 39. Qe5+ Kc6 40. Rc1+ Kb7 41. Rc7+ Kb8 42. Rf7+ Kc8 43. Qe8# 1-0

[Event "NB1 Charousek csoport"]
[Site "Balatonfured"]
[Date "2024.12.15"]
[Round "4.1"]
[White "Szabo, Marton Mihaly"]
[Black "Fancsy, Imre"]
[Result "1/2-1/2"]
[WhiteElo "2288"]
[BlackElo "2352"]
[PlyCount "48"]
[GameId "2123408349146874"]
[EventDate "2024.11.03"]
[EventType "team-tourn"]
[EventRounds "11"]
[EventCountry "HUN"]
[Source "chess.hu"]
[WhiteTeam "Esztergomi SC"]
[BlackTeam "Balatonfuredi SC"]
[WhiteTeamCountry "HUN"]
[BlackTeamCountry "HUN"]

1. e4 c5 2. Nc3 Nc6 3. f4 d6 4. Nf3 g6 5. Bc4 Bg7 6. d3 Nf6 7. O-O O-O 8. Qe1 Nd4 9. Nxd4 cxd4 10. Nd5 Nxd5 11. Bxd5 Qc7 12. Qh4 Be6 13. f5 Bf6 14. Bg5 Bxd5 15. Bxf6 exf6 16. exd5 Qxc2 17. fxg6 fxg6 18. Rae1 Qxd3 19. Re7 g5 20. Qg4 Rf7 21. Rxf7 Qe3+ 22. Kh1 Kxf7 23. Qf5 Kg8 24. Qxf6 Re8 1/2-1/2

[Event "NB1 Charousek csoport"]
[Site "Balatonfured"]
[Date "2024.12.15"]
[Round "4.2"]
[White "Forgacs, Attila Jr."]
[Black "Ress, Tamas"]
[Result "1/2-1/2"]
[WhiteElo "2269"]
[BlackElo "2226"]
[PlyCount "20"]
[GameId "2123408388083466"]
[EventDate "2024.11.03"]
[EventType "team-tourn"]
[EventRounds "11"]
[EventCountry "HUN"]
[Source "chess.hu"]
[WhiteTeam "Balatonfuredi SC"]
[BlackTeam "Esztergomi SC"]
[WhiteTeamCountry "HUN"]
[BlackTeamCountry "HUN"]

1. e4 c6 2. d4 d5 3. Nd2 dxe4 4. Nxe4 Nf6 5. Nxf6+ exf6 6. c3 Bd6 7. Bd3 O-O 8. Qc2 Re8+ 9. Ne2 h5 10. Be3 h4 1/2-1/2

[Event "NB1 Charousek csoport"]
[Site "Balatonfured"]
[Date "2024.12.15"]
[Round "4.4"]
[White "Zentai, Peter"]
[Black "Szucs, Vladimir"]
[Result "1-0"]
[WhiteElo "2257"]
[BlackElo "2114"]
[PlyCount "65"]
[GameId "2123408458997546"]
[EventDate "2024.11.03"]
[EventType "team-tourn"]
[EventRounds "11"]
[EventCountry "HUN"]
[Source "chess.hu"]
[WhiteTeam "Balatonfuredi SC"]
[BlackTeam "Esztergomi SC"]
[WhiteTeamCountry "HUN"]
[BlackTeamCountry "HUN"]

1. d4 d5 2. c4 e6 3. g3 dxc4 4. Bg2 c5 5. Qa4+ Bd7 6. Qxc4 Bc6 7. Nf3 cxd4 8. O-O Nf6 9. Rd1 Nbd7 10. Nxd4 Bxg2 11. Kxg2 Be7 12. Nc3 O-O 13. e4 Qc8 14. Qe2 Nb6 15. Bf4 Qc4 16. Qf3 Rfd8 17. Ndb5 Rxd1 18. Rxd1 a6 19. Bd6 Bf8 20. Bxf8 Rxf8 21. Nd6 Qc7 22. Rd4 e5 23. Rd3 Nbd7 24. Nf5 Nc5 25. Rd6 Ne6 26. Rd2 Rd8 27. Nd5 Nxd5 28. exd5 Nf8 29. d6 Qd7 30. Ne7+ Kh8 31. Qxf7 Ne6 32. Qf5 Rf8 33. Qxe5 1-0

[Event "NB1 Charousek csoport"]
[Site "Balatonfured"]
[Date "2024.12.15"]
[Round "4.5"]
[White "Kiss, Laszlo"]
[Black "Sulyok, Sandor"]
[Result "1/2-1/2"]
[WhiteElo "1993"]
[BlackElo "2102"]
[PlyCount "22"]
[GameId "2123408501993274"]
[EventDate "2024.11.03"]
[EventType "team-tourn"]
[EventRounds "11"]
[EventCountry "HUN"]
[Source "chess.hu"]
[WhiteTeam "Esztergomi SC"]
[BlackTeam "Balatonfuredi SC"]
[WhiteTeamCountry "HUN"]
[BlackTeamCountry "HUN"]

1. c4 c6 2. Nf3 d5 3. cxd5 cxd5 4. d4 Nc6 5. Nc3 Nf6 6. Bf4 a6 7. e3 Bg4 8. Be2 e6 9. O-O Bd6 10. Bxd6 Qxd6 11. Rc1 O-O 1/2-1/2

[Event "NB1 Charousek csoport"]
[Site "Balatonfured"]
[Date "2024.12.15"]
[Round "4.6"]
[White "Bodnar, Zoltan"]
[Black "Balogh, Peter"]
[Result "1/2-1/2"]
[WhiteElo "2105"]
[BlackElo "2064"]
[PlyCount "37"]
[GameId "2123408538742602"]
[EventDate "2024.11.03"]
[EventType "team-tourn"]
[EventRounds "11"]
[EventCountry "HUN"]
[Source "chess.hu"]
[WhiteTeam "Balatonfuredi SC"]
[BlackTeam "Esztergomi SC"]
[WhiteTeamCountry "HUN"]
[BlackTeamCountry "HUN"]

1. d4 Nf6 2. c4 c5 3. d5 e6 4. Nc3 exd5 5. cxd5 d6 6. Nf3 g6 7. e4 Bg7 8. Bd3 O-O 9. O-O Bg4 10. h3 Bxf3 11. Qxf3 a6 12. a4 Nbd7 13. Bf4 Qe7 14. Qg3 Ne5 15. Bxe5 dxe5 16. Qe3 Nh5 17. Ne2 f5 18. f3 Rac8 19. Bc4 1/2-1/2

[Event "NB1 Charousek csoport"]
[Site "Balatonfured"]
[Date "2024.12.15"]
[Round "4.7"]
[White "Petervari, Szabolcs"]
[Black "Safran, Ferenc"]
[Result "1/2-1/2"]
[WhiteElo "2059"]
[BlackElo "2051"]
[PlyCount "101"]
[GameId "2123408573550426"]
[EventDate "2024.11.03"]
[EventType "team-tourn"]
[EventRounds "11"]
[EventCountry "HUN"]
[Source "chess.hu"]
[WhiteTeam "Esztergomi SC"]
[BlackTeam "Balatonfuredi SC"]
[WhiteTeamCountry "HUN"]
[BlackTeamCountry "HUN"]

1. c4 c6 2. Nf3 Nf6 3. b3 d5 4. Bb2 Bf5 5. e3 e6 6. Be2 Be7 7. d3 h6 8. cxd5 exd5 9. Nbd2 Nbd7 10. Ne5 Nxe5 11. Bxe5 O-O 12. g4 Bh7 13. h4 Nd7 14. Bf4 Bxh4 15. Nf3 Bf6 16. d4 Qa5+ 17. Kf1 Be4 18. Rg1 g5 19. Bd6 Rfe8 20. Nd2 Bg6 21. b4 Qa3 22. Nb3 Re6 23. Bg3 Qxb4 24. Qc1 Rae8 25. Bc7 Bd8 26. Bxd8 Rxd8 27. Qb2 Rde8 28. Rh1 Kh7 29. Re1 Rf6 30. Rh3 a5 31. a3 Qb6 32. Qc3 Ra8 33. f4 Be4 34. Kg1 gxf4 35. Nc5 Nxc5 36. dxc5 Qd8 37. g5 Rg6 38. exf4 d4 39. Qb3 Bd5 40. Qd3 Kg8 41. Bh5 Rg7 42. Re5 f6 43. Re8+ Qxe8 44. Bxe8 Rxe8 45. Rxh6 fxg5 46. Rg6 gxf4 47. Rxg7+ Kxg7 48. Qxd4+ Kg6 49. Qxf4 Re4 50. Qc7 a4 51. Qxb7 1/2-1/2

[Event "NB1 Charousek csoport"]
[Site "Balatonfured"]
[Date "2024.12.15"]
[Round "4.8"]
[White "Salavecz, Gergely"]
[Black "Szabo, Abel"]
[Result "1/2-1/2"]
[WhiteElo "2048"]
[BlackElo "2112"]
[PlyCount "102"]
[GameId "2123408612429674"]
[EventDate "2024.11.03"]
[EventType "team-tourn"]
[EventRounds "11"]
[EventCountry "HUN"]
[Source "chess.hu"]
[WhiteTeam "Balatonfuredi SC"]
[BlackTeam "Esztergomi SC"]
[WhiteTeamCountry "HUN"]
[BlackTeamCountry "HUN"]

1. e4 c5 2. Nf3 Nc6 3. d4 cxd4 4. Nxd4 e5 5. Nb5 d6 6. c4 Be7 7. N1c3 a6 8. Na3 f5 9. exf5 Bxf5 10. Bd3 Be6 11. Nc2 Nf6 12. Ne3 O-O 13. O-O Qd7 14. a3 Nd4 15. Ned5 Bd8 16. Be3 Bxd5 17. Nxd5 Nxd5 18. cxd5 Bb6 19. Be4 Rf7 20. Qd3 g6 21. f4 Raf8 22. fxe5 dxe5 23. Bxg6 hxg6 24. Qxg6+ Rg7 25. Rxf8+ Kxf8 26. Bh6 Nc2+ 27. Qxb6 Nxa1 28. Qf6+ Kg8 29. Bxg7 Qxg7 30. Qe6+ Kh8 31. Qe8+ Kh7 32. Qh5+ Kg8 33. Qe8+ Kh7 34. d6 Qf6 35. Qe7+ Kg6 36. Qxf6+ Kxf6 37. h4 Nb3 38. d7 Ke7 39. h5 Nd4 40. Kf2 Ne6 41. Kf3 Kxd7 42. Ke4 Kd6 43. h6 Nf8 44. Kf5 Kd5 45. Kf6 e4 46. Kg7 Ne6+ 47. Kf6 e3 48. h7 e2 49. h8=Q e1=Q 50. Qh5+ Kd6 51. Qh2+ Kd5 1/2-1/2

[Event "NB1 Charousek csoport"]
[Site "Balatonfured"]
[Date "2024.12.15"]
[Round "4.9"]
[White "Nemeth, Eugen"]
[Black "Forgacs, Attila"]
[Result "0-1"]
[WhiteElo "2049"]
[BlackElo "2124"]
[PlyCount "86"]
[GameId "2123408671813508"]
[EventDate "2024.11.03"]
[EventType "team-tourn"]
[EventRounds "11"]
[EventCountry "HUN"]
[Source "chess.hu"]
[WhiteTeam "Esztergomi SC"]
[BlackTeam "Balatonfuredi SC"]
[WhiteTeamCountry "HUN"]
[BlackTeamCountry "HUN"]

1. c4 e5 2. g3 Nc6 3. Nc3 Bc5 4. Bg2 d6 5. Nf3 f5 6. d3 Nf6 7. Bg5 h6 8. Bxf6 Qxf6 9. Nd5 Qf7 10. Nd2 O-O 11. O-O Kh8 12. a3 a5 13. Rb1 a4 14. Nc3 f4 15. Nde4 fxg3 16. hxg3 Ba7 17. e3 Ne7 18. b4 axb3 19. Rxb3 Qg6 20. Nd5 Nxd5 21. cxd5 Bg4 22. Qc2 Bb6 23. a4 Bf3 24. Rb4 Bxg2 25. Kxg2 Qf7 26. Qe2 Qxd5 27. Rh1 Bc5 28. Rc4 c6 29. Qh5 Qxd3 30. Qg6 Rxf2+ 31. Kxf2 Rf8+ 32. Kg2 Qe2+ 33. Kh3 Qxc4 34. Nxd6 Bxd6 35. Qxd6 Re8 36. Qc7 Qe6+ 37. Kg2 Qd5+ 38. Kh2 Rf8 39. Ra1 Rf2+ 40. Kh3 Qe6+ 41. g4 Qf6 42. Qc8+ Kh7 43. Rg1 Qf3+ 0-1

[Event "NB1 Charousek csoport"]
[Site "Balatonfured"]
[Date "2024.12.15"]
[Round "4.10"]
[White "Bartha, Sandor"]
[Black "Szabo, Lajos"]
[Result "1-0"]
[WhiteElo "2010"]
[BlackElo "1983"]
[PlyCount "30"]
[GameId "2123408708263828"]
[EventDate "2024.11.03"]
[EventType "team-tourn"]
[EventRounds "11"]
[EventCountry "HUN"]
[Source "chess.hu"]
[WhiteTeam "Balatonfuredi SC"]
[BlackTeam "Esztergomi SC"]
[WhiteTeamCountry "HUN"]
[BlackTeamCountry "HUN"]

1. d4 Nf6 2. c4 g6 3. Nc3 d5 4. e3 Bg7 5. Nf3 O-O 6. Be2 c6 7. O-O a6 8. a4 Bg4 9. Qb3 b6 10. h3 dxc4 11. Qxc4 Be6 12. Qd3 Ra7 13. Rd1 Rc7 14. e4 Bc8 15. Bf4 Rd7 1-0

[Event "NB1 Charousek csoport"]
[Site "Balatonfured"]
[Date "2024.12.15"]
[Round "4.11"]
[White "Kovacs, Geza"]
[Black "Fur, Katinka"]
[Result "1/2-1/2"]
[WhiteElo "1988"]
[BlackElo "1993"]
[PlyCount "26"]
[GameId "2123408790671278"]
[EventDate "2024.11.03"]
[EventType "team-tourn"]
[EventRounds "11"]
[EventCountry "HUN"]
[Source "chess.hu"]
[WhiteTeam "Esztergomi SC"]
[BlackTeam "Balatonfuredi SC"]
[WhiteTeamCountry "HUN"]
[BlackTeamCountry "HUN"]

1. e4 e6 2. d4 d5 3. Nc3 Nf6 4. Bg5 Be7 5. e5 Nfd7 6. h4 Bxg5 7. hxg5 Qxg5 8. Nh3 Qe7 9. Qg4 f5 10. exf6 Nxf6 11. Qg3 Nc6 12. O-O-O Rg8 13. Bb5 Qd6 1/2-1/2

[Event "NB1 Charousek csoport"]
[Site "Balatonfured"]
[Date "2024.12.15"]
[Round "4.12"]
[White "Kun, Balint"]
[Black "Skrlyik, Timea"]
[Result "1-0"]
[WhiteElo "1944"]
[BlackElo "1715"]
[PlyCount "51"]
[GameId "2123408831520702"]
[EventDate "2024.11.03"]
[EventType "team-tourn"]
[EventRounds "11"]
[EventCountry "HUN"]
[Source "chess.hu"]
[WhiteTeam "Balatonfuredi SC"]
[BlackTeam "Esztergomi SC"]
[WhiteTeamCountry "HUN"]
[BlackTeamCountry "HUN"]

1. e4 c5 2. Nf3 a6 3. c4 Nc6 4. d4 cxd4 5. Nxd4 g6 6. Be3 Bg7 7. Nc3 e6 8. Be2 Nge7 9. O-O O-O 10. Qd2 f5 11. f3 f4 12. Nxc6 Nxc6 13. Bc5 Rf7 14. Na4 g5 15. Rab1 Bf8 16. Bxf8 Rxf8 17. c5 Qa5 18. Qxa5 Nxa5 19. Nb6 Rb8 20. b4 Nc6 21. Rfd1 Rd8 22. Bc4 Kf7 23. Rd6 Ke7 24. Rbd1 Nxb4 25. Bxe6 Nxa2 26. Bxa2 1-0

[Event "NB1 Charousek csoport"]
[Site "Szombathely"]
[Date "2024.12.15"]
[Round "4.1"]
[White "Medvegy, Zoltan"]
[Black "Meszaros, Tamas"]
[Result "1-0"]
[WhiteElo "2519"]
[BlackElo "2379"]
[PlyCount "89"]
[GameId "2123350505666057"]
[EventDate "2024.11.03"]
[EventType "team-tourn"]
[EventRounds "11"]
[EventCountry "HUN"]
[Source "chess.hu"]
[WhiteTeam "Tuxera ANSK II."]
[BlackTeam "Haladas VSE"]
[WhiteTeamCountry "HUN"]
[BlackTeamCountry "HUN"]

1. d4 Nf6 2. Nf3 e6 3. g3 d5 4. Bg2 b5 5. O-O Nbd7 6. a4 b4 7. c4 bxc3 8. Nxc3 Be7 9. Bf4 a6 10. Rb1 c5 11. Ne5 Nxe5 12. Bxe5 O-O 13. dxc5 Bxc5 14. e4 Bb7 15. Qb3 Qe7 16. Bxf6 gxf6 17. exd5 Rab8 18. Qc4 Rfc8 19. Qg4+ Kh8 20. Rfe1 f5 21. Qe2 Bd4 22. Rbd1 Qc5 23. dxe6 fxe6 24. Bxb7 Rxb7 25. Rd2 Rc6 26. Qf3 Rd7 27. Kg2 Bxc3 28. Rc2 Bxe1 29. Rxc5 Rxc5 30. Qe3 Bb4 31. Qxe6 Rcd5 32. Qxa6 Kg7 33. Qc4 Rd4 34. Qe6 R4d5 35. h4 R7d6 36. Qe7+ Kg8 37. Qb7 Bc5 38. b4 Rd7 39. Qc8+ Bf8 40. b5 f4 41. b6 fxg3 42. b7 gxf2 43. b8=Q Rf5 44. Qg3+ Kh8 45. Qe5+ 1-0

[Event "NB1 Charousek csoport"]
[Site "Szombathely"]
[Date "2024.12.15"]
[Round "4.2"]
[White "Csonka, Attila Istvan"]
[Black "Aczel, Gergely"]
[Result "1/2-1/2"]
[WhiteElo "2278"]
[BlackElo "2485"]
[PlyCount "149"]
[GameId "2123350546675225"]
[EventDate "2024.11.03"]
[EventType "team-tourn"]
[EventRounds "11"]
[EventCountry "HUN"]
[Source "chess.hu"]
[WhiteTeam "Haladas VSE"]
[BlackTeam "Tuxera ANSK II."]
[WhiteTeamCountry "HUN"]
[BlackTeamCountry "HUN"]

1. e4 c6 2. d4 d5 3. Nc3 dxe4 4. Nxe4 Nf6 5. Nxf6+ exf6 6. c3 Bd6 7. Bd3 O-O 8. Ne2 Re8 9. Qc2 h5 10. Be3 Nd7 11. O-O-O Nf8 12. Kb1 Be6 13. Nf4 Bxf4 14. Bxf4 b5 15. f3 a5 16. Be4 Qd7 17. Rhe1 a4 18. Qf2 f5 19. d5 Bxd5 20. Bxd5 cxd5 21. Be5 Ra6 22. Qd4 Rae6 23. Bg3 Rxe1 24. Bxe1 Re2 25. Bg3 Ng6 26. Rd2 Qe6 27. Kc1 f4 28. Bxf4 Re1+ 29. Rd1 Re2 30. Rd2 Re1+ 31. Rd1 Qe2 32. Bg3 Rxd1+ 33. Qxd1 Qxg2 34. Qxd5 h4 35. Bd6 Qf1+ 36. Kc2 Qf2+ 37. Kc1 Qf1+ 38. Kc2 Qe2+ 39. Kc1 Qe1+ 40. Kc2 Qe2+ 41. Kc1 Qe8 42. Bc7 Qe2 43. Bd6 Qe3+ 44. Kc2 Qf2+ 45. Kc1 Qe2 46. Qa8+ Kh7 47. Qd5 Qe8 48. Bc7 Qe7 49. Bb8 a3 50. bxa3 Qxa3+ 51. Kc2 Qa4+ 52. Qb3 Qa8 53. Qxb5 Qxa2+ 54. Kc1 Qa1+ 55. Kc2 Qa2+ 56. Kc1 Qe6 57. Qd3 f5 58. c4 Ne5 59. Bxe5 Qxe5 60. Qd5 Qxh2 61. Qxf5+ Kh6 62. Qe6+ g6 63. Qf6 Qg3 64. Kd1 h3 65. Qh8+ Kg5 66. Ke2 Qg2+ 67. Ke3 Qg1+ 68. Ke2 Qh2+ 69. Ke1 Qg1+ 70. Ke2 h2 71. Qd8+ Kf5 72. Qd5+ Kf6 73. Qd6+ Kg5 74. Qd8+ Kf5 75. Qd5+ 1/2-1/2

[Event "NB1 Charousek csoport"]
[Site "Szombathely"]
[Date "2024.12.15"]
[Round "4.3"]
[White "Horvath, Csaba"]
[Black "Kiss, Attila"]
[Result "1/2-1/2"]
[WhiteElo "2495"]
[BlackElo "2273"]
[PlyCount "46"]
[GameId "2123350593123891"]
[EventDate "2024.11.03"]
[EventType "team-tourn"]
[EventRounds "11"]
[EventCountry "HUN"]
[Source "chess.hu"]
[WhiteTeam "Tuxera ANSK II."]
[BlackTeam "Haladas VSE"]
[WhiteTeamCountry "HUN"]
[BlackTeamCountry "HUN"]

1. Nf3 d5 2. e3 Nf6 3. c4 e6 4. b3 Be7 5. Bb2 O-O 6. Nc3 dxc4 7. Bxc4 a6 8. d4 b5 9. Bd3 Bb7 10. Qe2 c5 11. dxc5 Bxc5 12. O-O Nbd7 13. Rac1 Re8 14. a4 b4 15. Nb1 a5 16. Nbd2 Qb6 17. e4 g6 18. Bb5 Red8 19. Nc4 Qa7 20. Nfd2 Be7 21. Kh1 Nc5 22. e5 Nh5 23. Qe3 Rd3 1/2-1/2

[Event "NB1 Charousek csoport"]
[Site "Szombathely"]
[Date "2024.12.15"]
[Round "4.4"]
[White "Sardy, Peter Dr."]
[Black "Galyas, Miklos"]
[Result "0-1"]
[WhiteElo "2351"]
[BlackElo "2371"]
[PlyCount "74"]
[GameId "2123350639388227"]
[EventDate "2024.11.03"]
[EventType "team-tourn"]
[EventRounds "11"]
[EventCountry "HUN"]
[Source "chess.hu"]
[WhiteTeam "Haladas VSE"]
[BlackTeam "Tuxera ANSK II."]
[WhiteTeamCountry "HUN"]
[BlackTeamCountry "HUN"]

1. e4 c6 2. d4 d5 3. e5 Bf5 4. h4 a6 5. Nd2 c5 6. dxc5 Nc6 7. Ngf3 e6 8. Nb3 Bxc5 9. Nxc5 Qa5+ 10. c3 Qxc5 11. Be3 Qa5 12. Bd4 Nge7 13. Qd2 h6 14. h5 Be4 15. Nh4 Rc8 16. Be2 Nxd4 17. Qxd4 Nc6 18. Qe3 Qd8 19. f4 O-O 20. Qg3 Qb6 21. b3 d4 22. c4 Nb4 23. Bf3 Nc2+ 24. Kf1 Bd3+ 25. Kf2 Nxa1 26. Bxb7 Qxb7 27. Qxd3 Qe7 28. Nf3 Qa3 29. Qb1 Nxb3 30. axb3 Rb8 31. Nd2 f6 32. exf6 Rxf6 33. g3 e5 34. Rh4 exf4 35. gxf4 Qe7 36. Nf3 Qe3+ 37. Kg3 Rxb3 0-1